000 00578nam a2200181 a 4500
001 001091501
003 AM-YeHGA
005 20250617151507.0
008 150708s1944 ||| r 000 0 rus d
040 _aAM-YeHGA
041 0 _arus
100 1 _aЛисовский, Казимир
245 1 0 _aКлятва :
_bСтихи /
_cКазимир Лисовский.
260 _aКрасноярск :
_bКрасноярское краевое изд-во,
_c1944.
300 _a44 с. :
_bил.
650 1 4 _aРусская литература
_xСтихи
090 _c354205
999 _c352391
_d352391